[Event "17th Aeroflot Open-A 2019"]
[Site "Moscow"]
[Date "2019.02.21"]
[Round "2.5"]
[White "Sasikiran, Krishnan"]
[Black "Svane, Rasmus"]
[Result "1-0"]
[WhiteElo "2678"]
[BlackElo "2599"]
[Annotator "TA"]
[PlyCount "89"]
[EventDate "2019.02.19"]
[EventCountry "RUS"]
[SourceTitle "playchess.com"]
[Source "ChessBase"]
[SourceQuality "1"]

{[%evp 17,89,12,12,12,10,7,16,6,8,4,15,6,27,26,40,25,36,40,38,48,46,48,68,68,71,69,62,73,110,106,94,94,103,88,135,135,249,278,246,222,205,195,201,193,185,178,177,171,233,247,328,317,349,348,342,342,342,342,349,366,453,452,446,450,618,610,1022,1036,997,1008,1018,998,29971,6395]} 1. e4 e5 2. Nf3 Nc6 3. Bb5 a6 4. Ba4 Nf6 5. O-O Be7 6. Re1 b5 7. Bb3 O-O 8. c3 d5 9. d4 exd4 10. e5 {C89: Closed Ruy Lopez: Marshall Attack} Ne4 $1 11. cxd4 Bg4 (11... Bf5 12. Nc3 Nxc3 13. bxc3 Na5 14. Bc2 Bxc2 15. Qxc2 Nc4 16. a4 Qd7 17. Bg5 bxa4 18. Rxa4 {0-1 (54) Hou,Y (2680)-Matlakov,M (2718) Wijk aan Zee 2018}) 12. Nc3 {The position is equal.} Nxc3 13. bxc3 Qd7 14. Bc2 Bf5 15. Bg5 Rab8 16. Bxe7 $146 ({Predecessor:} 16. Qb1 Bxc2 17. Qxc2 Na5 18. Bxe7 Qxe7 {½-½ (32) Kazakos,E (1981)-Turova,I (2387) Rethymno 2009}) 16... Nxe7 17. Nd2 Bxc2 18. Qxc2 Rb6 19. Nb3 Ng6 20. Nc5 Qc8 21. Qd2 Re8 22. a4 Nf8 23. axb5 axb5 24. f4 Qf5 25. Ra7 c6 26. Qd3 Qg4 (26... g6 $16 {keeps fighting.}) 27. h3 $18 Qh4 28. Rf1 Rbb8 29. Kh2 Ra8 30. Rc7 $40 {[%mdl 128] White goes for the king.} Rec8 31. Rxc8 Rxc8 32. f5 Re8 (32... Ra8 {is a better defense.} 33. f6 Qg5) 33. Qe3 h6 34. Rf4 Qg5 35. h4 Qh5 36. Qe1 f6 37. e6 {[#] Threatens to win with g4.} Re7 38. Qg3 Kh7 39. Rf3 Ra7 40. Nd3 Qe8 41. Qd6 g6 42. fxg6+ Nxg6 43. Rxf6 Rg7 44. Nf4 {[#] Black must now prevent Rxg6.} Ne7 45. Qe5 {Accuracy: White = 96%, Black = 49%.} 1-0

[Event "17th Aeroflot Open-A 2019"]
[Site "Moscow"]
[Date "2019.02.21"]
[Round "2.6"]
[White "Donchenko, Alexander"]
[Black "Ganguly, Surya Shekhar"]
[Result "1/2-1/2"]
[WhiteElo "2600"]
[BlackElo "2636"]
[Annotator "ChessBase"]
[PlyCount "60"]
[EventDate "2019.02.19"]
[EventCountry "RUS"]
[SourceTitle "playchess.com"]
[Source "ChessBase"]
[SourceQuality "1"]
[TimeControl "40/5400+30:1800+30"]

1. Nf3 {[%emt 0:00:00]} d5 {[%emt 0:00:10]} 2. g3 {[%emt 0:00:00]} Nf6 {[%emt 0:01:02]} 3. Bg2 {[%emt 0:00:11]} e6 {[%emt 0:00:09]} 4. O-O {[%emt 0:00:21]} Be7 {[%emt 0:00:06]} 5. c4 {[%emt 0:00:25]} O-O {[%emt 0:00:09]} 6. d4 {[%emt 0:00:11]} dxc4 {[%emt 0:00:07]} 7. Qc2 {[%emt 0:00:29]} c6 {[%emt 0:00:17]} 8. Qxc4 {[%emt 0:02:16]} b5 {[%emt 0:00:06]} 9. Qc2 {[%emt 0:01:14]} Bb7 {[%emt 0:00:09]} 10. Rd1 {[%emt 0:01:19]} Nbd7 {[%emt 0:00:08]} 11. Nc3 {[%emt 0:02:03]} b4 {[%emt 0:23:23]} 12. Na4 {[%emt 0:07:02]} Qa5 {[%emt 0:00:21]} 13. Ne1 {[%emt 0:22:04]} Ba6 {[%emt 0:13:16]} 14. Nd3 {[%emt 0:03:33]} Bxd3 {[%emt 0:07:35]} 15. Rxd3 {[%emt 0:00:08]} Rac8 {[%emt 0:00:04]} 16. Be3 {[%emt 0:14:54]} Nd5 {[%emt 0:04:32]} 17. Bd2 {[%emt 0:00:54]} c5 {[%emt 0:11:09]} 18. dxc5 {[%emt 0:01:05]} Nxc5 {[%emt 0:04:27]} 19. Nxc5 {[%emt 0:00:16]} Bxc5 {[%emt 0:00:33]} 20. Qb3 {[%emt 0:00:46]} Qb6 {[%emt 0:00:22]} 21. Be1 {[%emt 0:02:18]} Nf6 {[%emt 0:01:23]} 22. h3 {[%emt 0:02:58]} h6 {[%emt 0:05:29]} 23. Rad1 {[%emt 0:06:00]} a5 {[%emt 0:00:34]} 24. a3 {[%emt 0:11:25]} Rfd8 {[%emt 0:02:22]} 25. Rxd8+ {[%emt 0:02:18]} Rxd8 {[%emt 0:00:09]} 26. Rc1 {[%emt 0:01:36]} Qb5 {[%emt 0:05:49]} 27. Kf1 {[%emt 0:09:46]} a4 {[%emt 0:03:32]} 28. Qc4 {[%emt 0:00:21]} Qxc4 {[%emt 0:00:07]} 29. Rxc4 {[%emt 0:00:05]} bxa3 {[%emt 0:00:27]} 30. bxa3 {[%emt 0:00:15]} Bxa3 {[%emt 0:00:09]} 1/2-1/2

[Event "17th Aeroflot Open-A 2019"]
[Site "Moscow"]
[Date "2019.02.21"]
[Round "2.7"]
[White "Alekseenko, Kirill"]
[Black "Narayanan.S.L"]
[Result "0-1"]
[WhiteElo "2634"]
[BlackElo "2593"]
[Annotator "TA"]
[PlyCount "114"]
[EventDate "2019.02.19"]
[EventCountry "RUS"]
[SourceTitle "playchess.com"]
[Source "ChessBase"]
[SourceQuality "1"]

{[%evp 25,114,-12,0,-2,-10,-7,0,-7,17,8,20,10,74,72,58,58,70,60,72,62,55,66,53,64,85,88,165,149,426,399,422,412,406,439,440,440,425,414,411,405,409,301,287,288,277,297,560,558,495,489,587,200,196,197,399,415,381,202,194,181,186,233,246,232,182,238,204,0,0,0,0,0,0,-342,0,-497,-477,-260,-267,-617,-562,-1102,-963,-29969,-29971,-29969,-29967,-29962,-29946,-5905,-5696]} 1. e4 e5 2. Nf3 Nc6 3. Bb5 a6 4. Ba4 Nf6 5. O-O Be7 6. Re1 b5 7. Bb3 O-O 8. a4 b4 9. d3 d6 10. a5 Rb8 11. Nbd2 Be6 12. Bxe6 {C88: Closed Ruy Lopez: Anti-Marshall Systems} fxe6 13. Nc4 Nd7 {[#] LiveBook: 3 Games} 14. h3 $146 {The position is equal.} ({Predecessor:} 14. c3 Rb5 15. d4 bxc3 16. bxc3 exd4 17. Nxd4 Nxd4 18. cxd4 Qe8 {0-1 (31) Grigoriants,S (2561)-Kravtsiv,M (2672) Riadh 2017}) 14... Rb5 15. Bd2 Nc5 16. Be3 Nb7 17. c3 bxc3 18. bxc3 Bf6 (18... Qd7 $11 {remains equal.}) 19. Na3 $16 Rxa5 20. Nd2 Bg5 $1 21. Bxg5 $1 Qxg5 22. Ndc4 $1 Qf6 23. Nxa5 Qxf2+ (23... Ncxa5 $6 24. f3 $18) 24. Kh1 Nbxa5 25. Nc2 Qc5 (25... h6 $16) 26. Qg4 $36 {[%mdl 3072] Black must now prevent Rf1. White has strong compensation. White is really pushing.} Rf6 $2 {[%mdl 8192]} (26... Nd8 $16) 27. Rf1 $18 Rg6 28. Qf3 $1 {[%csl Gf1][%cal Rf3f8]} Rf6 29. Qh5 Rg6 30. Rf3 (30. Qf3 Rf6 $16) 30... Nb8 ({Worse is} 30... Qxc3 31. Raf1 h6 32. Qxg6 Qxc2 33. Rf8#) 31. d4 Qb5 32. Qh4 {Qd8+ would kill now.} Nac6 33. Raf1 {[%csl Gf1][%cal Rf3f8]} h6 34. d5 $1 {[%cal Rd5c6]} exd5 35. Ne3 d4 $2 (35... Nd7 36. exd5 e4) 36. c4 Qb2 37. Ng4 Nd7 {[#]} 38. Rg3 $2 (38. Nxh6+ $1 {[%mdl 512]} Rxh6 39. Qg4) 38... Qd2 {[#] With the idea ...Qg5.} 39. Rf5 $1 a5 $2 (39... d3 {was worth a try.}) 40. Kh2 a4 {[#]} 41. Nf6+ $1 {[%mdl 512]} Rxf6 (41... Nxf6 42. Rxg6) 42. Rxf6 Qg5 (42... Nxf6 $2 {too greedy.} 43. Qxf6 Qg5 44. Qe6+ Kh7 45. Rxg5 $18) 43. Rxg5 hxg5 44. Qg4 {Intending Qe6+ and mate.} Nxf6 45. Qc8+ Kh7 {Strongly threatening ...d3.} 46. Qa6 $2 ({White must play} 46. Qxc7 $18 Nb4 47. Qxd6) 46... Nb4 $11 47. Qxa4 Nd3 48. Qc6 Nc5 49. Qxc7 $2 {[%mdl 8192]} (49. Kg1 $1 $11) 49... Nfxe4 $2 ({Black should try} 49... Ncxe4 $19 50. Kg1 g4) 50. h4 $2 {[%mdl 8192]} (50. Qf7 $11) 50... gxh4 $19 51. Qf7 Kh6 52. Kg1 $2 (52. Qe7 g5 53. Qf7) 52... d3 {[%cal Bd4d3,Bd3d2][%mdl 32]} 53. Qf8 d2 54. Qh8+ Kg6 55. Qe8+ Kg5 56. Qd8+ Kg4 57. Qc8+ Kf4 {Precision: White = 61%, Black = 56%.} 0-1

[Event "17th Aeroflot Open-A 2019"]
[Site "Moscow"]
[Date "2019.02.21"]
[Round "2.8"]
[White "Nihal Sarin"]
[Black "Indjic, Aleksandar"]
[Result "1-0"]
[WhiteElo "2578"]
[BlackElo "2630"]
[Annotator "TA"]
[PlyCount "67"]
[EventDate "2019.02.19"]
[EventCountry "RUS"]
[SourceTitle "playchess.com"]
[Source "ChessBase"]
[SourceQuality "1"]

{[%evp 23,67,50,40,30,45,6,42,22,24,13,53,57,52,64,70,62,70,45,60,60,51,49,66,39,43,54,50,8,7,0,16,0,316,281,443,428,441,440,425,417,947,919,1019,1006,2334,2295]} 1. Nf3 Nf6 2. c4 c5 3. Nc3 Nc6 4. g3 g6 5. d4 cxd4 6. Nxd4 Bg7 7. Bg2 O-O 8. O-O Qa5 9. e3 d6 {A39: Symmetrical English vs ...g6: 4 Bg2 Bg7 5 Nf3 Nf6 6 0-0 0-0 7 d4} 10. Bd2 Qa6 11. b3 Bg4 12. Qe1 Rac8 {LiveBook: 3 Games} 13. h3 Bd7 14. Qe2 Rfd8 15. Rfe1 e6 16. Rac1 {[#]} Be8 $146 ({Predecessor:} 16... d5 17. cxd5 Qxe2 18. Rxe2 Nxd4 19. exd4 Nxd5 20. Nxd5 exd5 21. Bxd5 Bxd4 22. Rxc8 Bxc8 {½-½ (32) Radjabov,T (2724)-Bacrot,E (2720) Tromsoe 2014}) 17. Nxc6 Bxc6 18. e4 Qb6 19. Be3 Qa5 20. Bd4 Nh5 21. Bxg7 Kxg7 22. Red1 a6 23. Kh2 Nf6 24. Qb2 e5 25. f4 exf4 26. gxf4 Qh5 27. Rd4 g5 $2 {[%mdl 8192]} (27... b5 $11 {and Black has nothing to worry.}) 28. Nd5 Qh4 (28... Nxd5 {was necessary.} 29. Rxd5+ (29. cxd5 Bd7 $18) 29... Kf8) 29. Rf1 $18 g4 ({Much worse is} 29... Bxd5 30. Rxd5 gxf4 31. Rf5) 30. Ne7 {[#] Nf5+ is the strong threat.} Bd7 {[%cal Rg4h3]} 31. e5 ({Less strong is} 31. Nxc8 gxh3 32. Bf3 (32. Kg1 Bxc8 33. Bf3 Qxf4 $16) 32... Qxf4+ 33. Kh1 Bxc8 $18) 31... gxh3 (31... Nh5 $142) 32. exf6+ {White is clearly winning.} Qxf6 33. Bxb7 Rb8 34. Nd5 {Precision: White = 55%, Black = 45%.} 1-0

[Event "17th Aeroflot Open-A 2019"]
[Site "Moscow"]
[Date "2019.02.21"]
[Round "2.9"]
[White "Sarana, Alexey"]
[Black "Yuffa, Daniil"]
[Result "1/2-1/2"]
[WhiteElo "2630"]
[BlackElo "2578"]
[Annotator "TA"]
[PlyCount "85"]
[EventDate "2019.02.19"]
[EventCountry "RUS"]
[SourceTitle "playchess.com"]
[Source "ChessBase"]
[SourceQuality "1"]

{[%evp 23,85,-5,0,-2,0,-17,0,-19,-14,-26,-16,-24,-8,-29,-29,-6,52,60,54,52,31,17,27,0,0,0,0,0,0,0,0,-16,-14,-129,-130,-230,-228,-218,-183,-175,-2,-31,-33,-40,-51,-39,-17,-21,0,0,0,0,0,0,0,0,0,0,0,0,0,0,0,0]} 1. d4 Nf6 2. c4 d6 3. Nf3 g6 4. g3 Bg7 5. Bg2 O-O 6. O-O Nbd7 7. Nc3 e5 8. e4 Re8 9. Re1 exd4 10. Nxd4 Nc5 11. h3 Bd7 12. Nb3 Na4 13. Nxa4 {E68: King's Indian: Fianchetto: 6...Nbd7 7 0-0 e5 8 e4} Bxa4 14. Qc2 (14. e5 Rxe5 15. Bxb7 Rxe1+ 16. Qxe1 Rb8 17. Bg2 Nd7 18. Be3 c5 19. Qe2 Ne5 20. Rd1 Qc7 {½-½ (44) Psakhis,L (2515)-Smirin,I (2668) Israel 2017}) 14... Nd7 15. Be3 Qf6 $146 ({Predecessor:} 15... a6 16. Rad1 Qe7 17. Rd2 Rab8 18. Qb1 Ne5 19. Rc1 {½-½ (19) Schwalfenberg,J (2324)-Mandel,A (2400) Germany 2006}) 16. Re2 c5 17. f4 Qe6 18. Bf2 b5 19. cxb5 $1 c4 (19... Rac8 $11) 20. Nd4 $1 $14 {[%cal Rd4e6]} Bxd4 $1 21. Qxa4 Bxf2+ 22. Rxf2 {next f5 is good for White.} Nc5 23. Qd1 Nxe4 24. Bxe4 Qxe4 25. Qxd6 Rad8 26. Qc5 h5 27. Kh2 h4 {Strongly threatening ...hxg3+.} 28. gxh4 (28. Rg1 $11) 28... Rd2 $1 $17 29. Kg1 {[#]} (29. Rxd2 $17 Qxf4+ {[%mdl 64] Double Attack} 30. Kg1 Qxd2 31. Rf1) 29... Qd3 $1 $19 {[%cal Rd3g3]} 30. Rxd2 Qxd2 {[%mdl 4160] Endgame Double Attack. KQR-KQR} 31. Rf1 ({Don't go for} 31. Qxa7 $2 c3 $19) ({Avoid the trap} 31. Qxc4 $2 Qe3+ 32. Kh2 Qf2+ 33. Kh1 Qf3+ 34. Kh2 Re2+ 35. Qxe2 Qxe2+ 36. Kg1 Qe3+ 37. Kg2 Qxf4 $19) 31... Qxb2 $2 (31... Qd3 $19 32. Kg2 Re3 33. Qc8+ Kg7) 32. Qxc4 Re3 33. Qc8+ Kg7 {[#] ( -> ...Rg3+)} 34. Qg4 Qxb5 {Black wants to play ...Qd3.} 35. Rf2 {The position is equal.} Qd3 36. Kh2 Qd4 37. h5 Rxh3+ 38. Kxh3 Qxf2 39. hxg6 fxg6 $11 {KQ-KQ} 40. Qd7+ Kh6 41. Qf7 Qf3+ 42. Kh4 Qf2+ 43. Kh3 {Accuracy: White = 48%, Black = 52%.} 1/2-1/2

[Event "17th Aeroflot Open-A 2019"]
[Site "Moscow"]
[Date "2019.02.21"]
[Round "2.10"]
[White "Kulaots, Kaido"]
[Black "Grachev, Boris"]
[Result "1/2-1/2"]
[WhiteElo "2542"]
[BlackElo "2626"]
[Annotator "ChessBase"]
[PlyCount "46"]
[EventDate "2019.02.19"]
[EventCountry "RUS"]
[SourceTitle "playchess.com"]
[Source "ChessBase"]
[SourceQuality "1"]
[TimeControl "40/5400+30:1800+30"]

1. e4 {[%emt 0:00:00]} c5 {[%emt 0:00:00]} 2. Nf3 {[%emt 0:00:00]} e6 {[%emt 0:00:00]} 3. d4 {[%emt 0:00:12]} cxd4 {[%emt 0:00:00]} 4. Nxd4 {[%emt 0:00:06]} Nc6 {[%emt 0:00:00]} 5. Nc3 {[%emt 0:00:29]} a6 {[%emt 0:00:00]} 6. Be3 {[%emt 0:00:35]} Nf6 {[%emt 0:00:10]} 7. a3 {[%emt 0:00:51]} Be7 {[%emt 0:01:31]} 8. f4 {[%emt 0:00:35]} d5 {[%emt 0:00:09]} 9. e5 {[%emt 0:00:35]} Nd7 {[%emt 0:00:05]} 10. g3 {[%emt 0:06:36]} Qc7 {[%emt 0:10:32]} 11. Qd2 {[%emt 0:05:41]} b5 {[%emt 0:18:43]} 12. Nxc6 {[%emt 0:07:17]} Qxc6 {[%emt 0:00:13]} 13. Bg2 {[%emt 0:00:55]} Nb6 {[%emt 0:07:15]} 14. b3 {[%emt 0:05:22]} b4 {[%emt 0:02:39]} 15. Ne2 {[%emt 0:01:06]} bxa3 {[%emt 0:01:55]} 16. Nd4 {[%emt 0:00:07]} Qc7 {[%emt 0:01:18]} 17. O-O {[%emt 0:04:20]} O-O {[%emt 0:00:35]} 18. g4 {[%emt 0:17:00]} Bd7 {[%emt 0:16:31]} 19. f5 {[%emt 0:08:38]} exf5 {[%emt 0:05:26]} 20. Nxf5 {[%emt 0:02:37]} Bc5 {[%emt 0:01:41]} 21. Kh1 {[%emt 0:02:48]} Bxe3 {[%emt 0:02:19]} 22. Qxe3 {[%emt 0:00:31]} Rae8 {[%emt 0:03:49]} 23. Nxg7 {[%emt 0:08:10]} Kxg7 {[%emt 0:16:16]} 1/2-1/2

[Event "17th Aeroflot Open-A 2019"]
[Site "Moscow"]
[Date "2019.02.21"]
[Round "2.11"]
[White "Liu, Yan"]
[Black "Firouzja, Alireza"]
[Result "1/2-1/2"]
[WhiteElo "2498"]
[BlackElo "2618"]
[Annotator "TA"]
[PlyCount "81"]
[EventDate "2019.02.19"]
[EventCountry "RUS"]
[SourceTitle "playchess.com"]
[Source "ChessBase"]
[SourceQuality "1"]

{[%evp 16,81,19,6,10,0,-7,-4,-2,-2,0,0,0,0,0,0,0,0,16,0,0,0,0,0,0,0,12,12,13,14,14,14,14,12,14,14,14,14,8,0,0,0,0,0,0,0,0,0,0,0,0,0,0,0,0,0,43,43,37,0,6,0,0,0,0,0,0,0]} 1. Nf3 Nf6 2. c4 g6 3. g3 Bg7 4. Bg2 O-O 5. O-O d5 6. d4 Nc6 7. Nbd2 a5 {[%cal Ba7a5,Ba5a4][%mdl 32] D02: 1 d4 d5 2 Nf3 sidelines, including 2...Nf6 3 g3 and 2...Nf6 3 Bf4} 8. b3 Ne4 (8... a4 9. bxa4 dxc4 10. Nxc4 Be6 11. Nce5 Nxe5 12. Nxe5 c6 13. Rb1 Ra7 14. Ba3 Bxa2 15. Rb2 {1-0 (25) Cheparinov,I (2709)-Salgado Lopez,I (2629) Skopje 2018}) 9. Bb2 {LiveBook: 5 Games} a4 $146 {[#] ...a3 is the strong threat.} ({Predecessor:} 9... e6 10. Nxe4 dxe4 11. Ne5 f5 12. Nxc6 bxc6 13. Qc2 Re8 14. Rad1 Qe7 15. f3 exf3 16. exf3 {1-0 (24) Xu,X (2543)-Chen,R (2309) Tarvisio 2017}) 10. Nxe4 dxe4 11. Ne5 Nxe5 12. dxe5 Bf5 13. Qc1 axb3 14. axb3 Rxa1 15. Bxa1 Qa8 16. Qe3 Qa2 17. Bxe4 Bxe4 18. Qxe4 Qxb3 19. Rb1 Qa4 20. Bc3 b6 21. Ra1 Qd7 22. Ra7 Rc8 23. Kg2 e6 24. Bd4 Qe8 25. Qb7 h5 26. h4 Bh6 27. f4 Bf8 28. Bf2 Kg7 29. Bg1 Bb4 30. Bf2 Bc3 31. Kf3 Bd2 32. Kg2 Bb4 33. Kf3 Bc5 34. Bxc5 bxc5 $11 {[%mdl 4096] Endgame KQR-KQR} 35. Ra3 Kh6 36. Kf2 Kg7 37. Rd3 Rd8 {The position is equal.} 38. Qxc7 Rxd3 $1 39. exd3 Qa4 40. Qxc5 {[#] Hoping for Qe3.} Qc2+ 41. Kg1 {Precision: White = 76%, Black = 87%.} 1/2-1/2

[Event "17th Aeroflot Open-A 2019"]
[Site "Moscow"]
[Date "2019.02.21"]
[Round "2.12"]
[White "Harika, Dronavalli"]
[Black "Martirosyan, Haik M."]
[Result "1/2-1/2"]
[WhiteElo "2471"]
[BlackElo "2616"]
[Annotator "TA"]
[PlyCount "99"]
[EventDate "2019.02.19"]
[EventCountry "RUS"]
[SourceTitle "playchess.com"]
[Source "ChessBase"]
[SourceQuality "1"]

{[%evp 17,99,52,64,39,58,52,52,51,55,49,57,60,45,14,27,2,9,10,11,5,20,1,0,0,5,0,0,0,0,-7,0,0,0,0,0,0,0,0,0,0,0,0,0,0,12,8,12,8,27,0,0,0,0,0,0,0,0,-8,0,0,0,0,0,0,0,0,0,0,0,0,0,0,0,0,0,0,0,0,0,0,0,0,0,0]} 1. e4 e6 2. d4 d5 3. exd5 exd5 4. Nf3 Bd6 5. c4 Nf6 6. Nc3 dxc4 7. Bxc4 O-O 8. O-O Bg4 9. h3 Bh5 10. Re1 {D20: Queen's Gambit Accepted: 3 e3 and 3 e4} (10. g4 Bg6 11. Ne5 Ne4 12. f4 Nxc3 13. bxc3 Be4 14. Qe2 Bc6 15. f5 Qh4 16. Kh2 Nd7 17. Bf4 Nb6 18. Bb3 Nd5 19. Bg3 {½-½ (47) Potkin,V (2682)-Ponkratov,P (2582) Taganrog 2011}) 10... Nbd7 11. g4 Bg6 12. Ne5 $146 {White is slightly better.} ({Predecessor:} 12. Bg5 c6 13. Bf1 Qb6 14. d5 cxd5 15. Nxd5 Nxd5 16. Qxd5 Bc5 17. Qxd7 Bxf2+ {0-1 (38) Schinke,A-Mitscherling,A Mecklenburg VP 1999}) 12... c5 13. Nxg6 hxg6 14. dxc5 Bxc5 15. Be3 Qa5 16. Qa4 Qxa4 17. Nxa4 Bxe3 18. Rxe3 Rfe8 19. Rae1 {Threatening Re7.} Rxe3 20. Rxe3 Rc8 21. Bb3 Kf8 22. Nc3 Nc5 23. Nd5 Rd8 24. Nxf6 gxf6 $11 {[%mdl 4096] Endgame KRB-KRN} 25. Bc4 a5 26. b3 Rd2 27. Re2 Rd4 28. f3 g5 29. Kf2 Rd1 30. Re1 Rd8 31. Kg3 Rd2 32. Re2 Rd1 33. f4 b6 {The position is equal.} 34. fxg5 fxg5 35. Kg2 f6 36. Kh2 Rd4 37. Bb5 (37. Kg2 {looks sharper.} Ne4 38. Kf3 Nd6 39. Ke3 Rd1 40. Bd3) 37... Re4 (37... Ne4 {keeps more tension.} 38. Ba6 Nd6 39. a4 Ne4 40. Kg2 Rb4) 38. Rxe4 Nxe4 {KB-KN} 39. Bd3 Nc3 40. a3 Ke7 41. Kg3 Kd6 42. h4 gxh4+ 43. Kxh4 Ke5 44. Kh5 Nd5 45. Bf5 Ne3 46. Bd3 Kf4 47. Be2 Nc2 48. Kg6 Ke5 49. a4 Nd4 50. Bc4 {Accuracy: White = 73%, Black = 72%.} 1/2-1/2

[Event "17th Aeroflot Open-A 2019"]
[Site "Moscow"]
[Date "2019.02.21"]
[Round "2.13"]
[White "Zhou, Jianchao"]
[Black "Zhu, Jiner"]
[Result "1-0"]
[WhiteElo "2615"]
[BlackElo "2442"]
[Annotator "TA"]
[PlyCount "161"]
[EventDate "2019.02.19"]
[EventCountry "RUS"]
[SourceTitle "playchess.com"]
[Source "ChessBase"]
[SourceQuality "1"]

{[%evp 9,161,27,31,25,32,32,38,32,49,49,68,52,64,55,65,64,72,59,99,85,90,85,93,91,108,112,129,93,122,143,135,131,228,229,185,187,247,269,268,276,259,274,263,281,346,352,345,341,325,161,145,45,50,8,8,8,93,112,132,163,146,62,59,66,136,136,127,0,0,0,0,0,0,0,0,0,8,8,191,48,48,-11,38,38,38,38,37,0,2,0,64,54,133,0,91,0,129,108,56,0,47,47,518,522,1801,175,154,174,138,108,105,108,233,261,260,245,222,191,277,279,1246,1040,1001,529,777,769,631,261,2595,86,83,88,83,8,60,0,0,0,60,60,162,60,402,395,29972,29973,29973,29974,29974,29975,29973,29975,29972,29974]} 1. c4 f5 2. d4 Nf6 3. Nf3 g6 4. e3 (4. g3 Bg7 5. Bg2 O-O 6. O-O d6 7. Nc3 c6 8. Qb3 Na6 9. Re1 Kh8 10. e4 e5 11. exf5 exd4 12. Nxd4 Nc5 13. Qd1 gxf5 14. Bf4 Nce4 15. Rc1 d5 16. Nxe4 Nxe4 {1-0 (35) Mamedyarov,S (2817)-Anton Guijarro,D (2642) St Petersburg 2018}) 4... Bg7 5. b4 d6 6. Bb2 {A84: Dutch Defence: 2 c4 Miscellaneous} O-O 7. Be2 c6 8. Nc3 {White is slightly better.} Qe8 9. b5 Nbd7 10. bxc6 $146 ({Predecessor:} 10. O-O Ne4 {0-1 (36) Kaenel,H (2380)-Moor,R (2085) Lenk 1994}) 10... bxc6 11. O-O Rb8 12. Rb1 e5 13. dxe5 dxe5 14. Ba3 Rxb1 15. Qxb1 c5 16. e4 f4 17. Nd5 Ba6 18. Qc2 Qd8 19. Qa4 Nxd5 20. exd5 (20. Qxa6 $6 Nc3 $11) 20... Qc8 (20... e4 $16 {was called for.}) 21. Ng5 $18 Nb6 22. Qc2 Qf5 (22... f3 $142 23. gxf3 (23. Nxf3 Rf4 $16) 23... Rf4) 23. Ne4 f3 24. Bxf3 (24. gxf3 Qh3 $18) 24... Bxc4 25. Rd1 $1 (25. Bxc5 Rc8 $14) 25... Bxd5 26. Bxc5 Rc8 {[#]} 27. Rxd5 $1 {[%mdl 512]} Nxd5 28. Qb3 $1 Qd7 29. h3 (29. Ba3 $142) 29... h5 30. Bd6 (30. Ba3 $1 $16 {Nd6 is the strong threat.} Kh8 31. Nc5 Rxc5 32. Bxc5) 30... Qc6 $1 $14 31. Kh2 (31. Nf6+ Kh8 $17) 31... Qc4 $1 {[%cal Rc4b3]} 32. Qb7 Nb6 (32... Rd8 $11 {keeps the balance.}) 33. Qxa7 $16 Na4 34. Qb7 {And now Bd1 would win.} Nc3 {[#]} 35. Nxc3 ({White should play} 35. a4 $1 $16 {[%mdl 512]}) 35... Qxc3 $14 36. Be4 $40 {[%mdl 128] White mounts an attack.} Qc1 (36... Kh8 $14) 37. g3 $16 h4 38. Kg2 (38. g4 $1 $16) 38... hxg3 $11 39. Qb3+ Kh7 40. Qxg3 Qh6 41. Be7 Qh5 $1 42. Qb3 Rc1 43. Qf7 Kh6 $2 (43... Rc3 $11 44. f3 Qh6) 44. a4 (44. f3 $1 $18 Re1 45. Qc4) 44... Re1 45. Qf3 (45. Qc4 $14 Kh7 46. Qc6) 45... Ra1 46. Qe3+ {[%mdl 1024] White has compensation.} Kh7 47. Bc2 Qh6 48. Bg5 Qh5 49. Bd8 Bf8 (49... Kh8 $11) 50. Qa7+ Kh6 51. Qe3+ Kh7 {White should prevent ...Ra3.} 52. Qa7+ Kh6 53. Qf7 $1 {[%cal Rf7f8]} ({Don't play} 53. Qe3+ $6 Kh7 $14) 53... Bg7 54. Be7 (54. Qc4 $1 $14) 54... Rc1 55. Qc4 Ra1 $2 {[%mdl 8192]} (55... e4 $14 56. Qxe4 Kh7) 56. h4 $1 $18 Kh7 57. Bg5 $2 (57. Bb3 {White threatens Bf8! and mate.} Qf5 58. f3) 57... Ra3 58. Bb3 Rxb3 59. Qxb3 {Threatens to win with f3.} Qg4+ 60. Kf1 Qe4 (60... Qd4 $16 61. Kg2 Qg4+ 62. Kf1 Qd4) 61. a5 $1 {[%cal Ra5a6] Black must now prevent a6.} Qh1+ 62. Ke2 {aiming for a6.} Qe4+ 63. Be3 Qg4+ (63... Qc6 {was necessary.} 64. Kd2 e4) 64. f3 Qg2+ $2 (64... Qc8 65. h5 e4 66. hxg6+ (66. fxe4 gxh5 67. Qd3 Qg4+ 68. Kd2 Qg2+ 69. Kd1 Qg4+ 70. Kc1 Qc8+ 71. Kd2 Bb2 $18) 66... Kxg6) 65. Bf2 e4 66. Qe3 exf3+ 67. Qxf3 Qh2 68. Qd5 (68. Qg3 $142 Qh1 69. Qd3) 68... Bf6 $2 (68... Qb8 69. h5 gxh5 70. Qxh5+ Kg8 71. Qd5+ Kh8) 69. Qe4 $2 (69. a6 $18 {and the rest is easy.} Bxh4 70. Qf7+ Kh6 71. a7 Qe5+ 72. Be3+ Bg5 73. Qf3 Qb5+ 74. Kf2 Qb2+ 75. Kg3 Qe5+ 76. Bf4 Qe1+ 77. Kg2 Bxf4 78. Qxf4+ Kg7 79. a8=Q) 69... Qb8 $16 70. Kf3 Qb5 {[#]} 71. Be1 (71. Qe6 $1 $16 {[%cal Re6f6]} Qb7+ 72. Kg3) 71... Qb3+ (71... Qf1+ $11 72. Kg3 Qg1+ 73. Kh3 Kh8) 72. Qe3 Qd5+ 73. Qe4 Qb3+ $1 74. Kg2 {Hoping for h5.} Qa2+ {[#]} (74... Kg7 $14) 75. Kf1 (75. Kg1 $1 $18) 75... Qa1 $2 {[%mdl 8192]} (75... Qb3 $14) 76. h5 $18 Bc3 $2 (76... Bd4 $18 77. Qxg6+ Kh8) 77. Qxg6+ {White mates.} Kh8 78. Qh6+ Kg8 79. Qe6+ Kh7 80. Qf5+ Kg7 {[#]} 81. h6+ $1 {[%mdl 64] Decoy. Accuracy: White = 48%, Black = 33%.} 1-0